000 01226nam a2200313 c 4500
003 BLK
005 20180422120642.0
008 180411b bul|||||r ||||||| ||bul||
010 _aKNG00213800000
020 _a978-954-450-177-8
_bиздат.: ЕА
040 _aBLK
041 _aBUL
_cBUL
072 7 _2bullib
_aН84
_xБългарска художествена литература Н
080 _aБългарска литература
_b821.163.2
_x-84
_z821.163.2-84
100 1 _aВедър, Йордан Иванов
_eпърви автор
_9367198
139 _aВедър, Йордан Иванов
_bВ 35
245 1 0 _aДума дупка не прави... отнася ти главата
_bАфоризми, псевдо-хайку, епиграми, миниатюри и обикновени заядлици
_cЙордан Иванов Ведър.
257 _aBGR
260 Плевен
_bЕА
_c2017
300 _a140 с.
_c21 см
380 _aX
500 _aЗа автора: с. 140
659 _aН
852 _aЦб 287870
856 4 _qpdf
_u
856 4 _qpdf
_u
942 _cKNG
_n0
944 _aCR
_c27.10.2017
_kВиолета_Тройчева
944 _aED
_c02.01.2018
_kСимона_Петрова
999 _c204250
_d204250